LEADER 01144nam--2200373---450- 001 990001444260203316 005 20060208143026.0 035 $a000144426 035 $aUSA01000144426 035 $a(ALEPH)000144426USA01 035 $a000144426 100 $a20040220d1977----km-y0itay0103----ba 101 0 $aita 102 $aIT 105 $a||||||||001yy 200 1 $aRappresentatione di anima, et di corpo$fEmilio Cavaliere 210 $aSala Bolognese$cForni$d1977 215 $a[II], XLII, [VI] p.$cmus.$d34 cm 225 2 $aBibliotheca Musica Bononiensis$hSez. IV$v1 410 0$12001$aBibliotheca Musica Bononiensis$hSez. IV$v1 454 1$12001 461 1$1001-------$12001 676 $a783.4 700 1$aCAVALIERE,$bEmilio$0559028 801 0$aIT$bsalbc$gISBD 912 $a990001444260203316 951 $aXIII.3.C. 156(VII M coll. 32/1)$b17412 L.M.$cVII M 959 $aBK 969 $aUMA 979 $aSIAV7$b10$c20040220$lUSA01$h1742 979 $aPATRY$b90$c20040406$lUSA01$h1741 979 $aCOPAT5$b90$c20060208$lUSA01$h1430 996 $aRappresentatione di anima, et di corpo$9935573 997 $aUNISA